MARC details
| 000 -CABECERA |
| campo de control de longitud fija |
02196nam a2200433Ia 4500 |
| 001 - NÚMERO DE CONTROL |
| campo de control |
dia_3166 |
| 003 - IDENTIFICADOR DEL NÚMERO DE CONTROL |
| campo de control |
CHAP |
| 005 - FECHA Y HORA DE LA ÚLTIMA TRANSACCIÓN |
| campo de control |
20250826184317.0 |
| 007 - CAMPO FIJO DE DESCRIPCIÓN FÍSICA--INFORMACIÓN GENERAL |
| campo de control de longitud fija |
ta |
| 008 - DATOS DE LONGITUD FIJA--INFORMACIÓN GENERAL |
| campo de control de longitud fija |
220117s2005 mx bdo fr 001 0 spa d |
| 040 ## - FUENTE DE LA CATALOGACIÓN |
| Centro/agencia transcriptor |
CHAP |
| Centro catalogador/agencia de origen |
mxchpua |
| 090 ## - LOCALMENTE ASIGNADO TIPO-LC NÚMERO DE CLASIFICACIÓN (OCLC); NÚMERO DE CLASIFICACIÓN LOCAL (RLIN) |
| Número de clasificación (OCLC) (R) ; Numero de clasificación, CALL (RLIN) (NR) |
T.C.404 |
| Número cutter local (OCLC) ; Número de libro/Signatura topográfica íntegra, CALL (RLIN) |
M45 SAI |
| Año |
2005 |
| 245 10 - MENCIÓN DE TÍTULO |
| Título |
Sistema agroindustrial leche y carne de bovinos en la región de los Altos de Jalisco / |
| Mención de responsabilidad, etc. |
coordinador Amilcar Renan Mejenes Quijano ; colaboradores Juan de los Santos Rodríguez...[et al.] |
| 260 ## - PUBLICACIÓN, DISTRIBUCIÓN, ETC. |
| Lugar de publicación, distribución, etc. |
México : |
| Nombre del editor, distribuidor, etc. |
El autor, |
| Fecha de publicación, distribución, etc. |
2005 |
| 300 ## - DESCRIPCIÓN FÍSICA |
| Extensión |
77 h. |
| Otras características físicas |
mapas, gráficas, diagramas, tablas, fotos |
| 336 ## - TIPO DE CONTENIDO |
| Fuente |
rdacontent |
| Término de tipo de contenido |
texto |
| Código de tipo de contenido |
txt |
| 337 ## - TIPO DE MEDIO |
| Fuente |
rdamedia |
| Nombre/término del tipo de medio |
sin medio |
| Código del tipo de medio |
n |
| 338 ## - TIPO DE SOPORTE |
| Fuente |
rdacarrier |
| Nombre/término del tipo de soporte |
volumen |
| Código del tipo de soporte |
nc |
| 500 ## - NOTA GENERAL |
| Nota general |
6° año Grupo 1 |
| 502 ## - NOTA DE TESIS |
| Nota de tesis |
Viaje de Estudios |
| Tipo de título |
(SAI) -- |
| Nombre de la institución que otorga el título |
UACh. Departamento de Ingeniería Agroindustrial, |
| Año de obtención del título |
2005 |
| 505 ## - NOTA DE CONTENIDO CON FORMATO |
| Título |
Empresas visitadas: -- <br/>1. Alimentos La Concordia, Leche al Día -- <br/>2. Enfriadora El Mezquite -- <br/>3. Forrajes El Nogal -- <br/>4. FIRA en el municipio de lagos de moreno -- <br/>5. Dulces y lácteos La Providencia -- <br/>6. Consejo para el fomento de la calidad de leche y sus derivados, A. C. -- <br/>7. Unión Ganadera de la región de Jalisco -- <br/>8. Asociación Ganadera local de Arandas, Jalisco -- <br/>9. Asociacíon Ganadera La Chona Encarnación de Díaz, Jalisco -- <br/>9. Asociación Ganadera de Lagos de Moreno, Jalisco -- <br/>10. Rastro municipal de Tepatitlán, Jalisco -- <br/>11. UGASA (Unidad Ganadera de Aguascalientes, S. A.) |
| 650 13 - PUNTO DE ACCESO ADICIONAL DE MATERIA--TÉRMINO DE MATERIA |
| Término de materia o nombre geográfico como elemento de entrada |
Ganado bovino |
| 9 (RLIN) |
138033 |
| 650 13 - PUNTO DE ACCESO ADICIONAL DE MATERIA--TÉRMINO DE MATERIA |
| Término de materia o nombre geográfico como elemento de entrada |
Ganado de carne |
| 9 (RLIN) |
45067 |
| 650 13 - PUNTO DE ACCESO ADICIONAL DE MATERIA--TÉRMINO DE MATERIA |
| Término de materia o nombre geográfico como elemento de entrada |
Industria láctea |
| 9 (RLIN) |
143326 |
| Subdivisión geográfica |
México |
| -- |
Jalisco |
| 650 10 - PUNTO DE ACCESO ADICIONAL DE MATERIA--TÉRMINO DE MATERIA |
| Término de materia o nombre geográfico como elemento de entrada |
Mataderos |
| Subdivisión geográfica |
México |
| -- |
Jalisco |
| 9 (RLIN) |
154201 |
| 650 13 - PUNTO DE ACCESO ADICIONAL DE MATERIA--TÉRMINO DE MATERIA |
| Término de materia o nombre geográfico como elemento de entrada |
Cattle |
| 650 13 - PUNTO DE ACCESO ADICIONAL DE MATERIA--TÉRMINO DE MATERIA |
| Término de materia o nombre geográfico como elemento de entrada |
Beef cattle |
| 9 (RLIN) |
138032 |
| 650 10 - PUNTO DE ACCESO ADICIONAL DE MATERIA--TÉRMINO DE MATERIA |
| Término de materia o nombre geográfico como elemento de entrada |
Milk industry |
| Subdivisión geográfica |
Mexico |
| -- |
Jalisco |
| 9 (RLIN) |
154202 |
| 650 10 - PUNTO DE ACCESO ADICIONAL DE MATERIA--TÉRMINO DE MATERIA |
| Término de materia o nombre geográfico como elemento de entrada |
Slaughterhouses |
| Subdivisión geográfica |
Mexico |
| -- |
Jalisco |
| 9 (RLIN) |
154203 |
| 700 1# - PUNTO DE ACCESO ADICIONAL--NOMBRE DE PERSONA |
| Nombre de persona |
Mejenes Quijano, Amilcar Renán |
| 9 (RLIN) |
147387 |
| Término indicativo de función/relación |
coordinador |
| 700 1# - PUNTO DE ACCESO ADICIONAL--NOMBRE DE PERSONA |
| Nombre de persona |
Santos Rodríguez, Juan de los |
| 9 (RLIN) |
102527 |
| Término indicativo de función/relación |
colaborador |
| 942 ## - ELEMENTOS DE PUNTO DE ACCESO ADICIONAL (KOHA) |
| Fuente del sistema de clasificación o colocación |
Clasificación Universidad Autónoma de Chapingo |
| 901 ## - ELEMENTOS DE DATOS A LOCAL LDA (RLIN) |
| a |
T.C.404 M45 SAI 2005 |
| 902 ## - ELEMENTOS DE DATOS B LOCAL, LDB (RLIN) |
| a |
M |
| 905 ## - ELEMENTOS DE DATOS E LOCAL, LDE (RLIN) |
| a |
5232272005 mx nmb 8223223322spa16 |
| 942 ## - ELEMENTOS DE PUNTO DE ACCESO ADICIONAL (KOHA) |
| Tipo de ítem Koha |
Viaje de Estudios |